El sitio de Bilbao en 1874 (Record no. 99054)

MARC details
000 -LEADER
campo de control de longitud fija 00816nam a2200229 i 4500
001 - NÚMERO DE CONTROL
campo de control 99054
003 - IDENTIFICADOR DE NÚMERO DE CONTROL
campo de control ES-MaACL
005 - FECHA Y HORA DE LA ÚLTIMA TRANSACCIÓN
campo de control 20240228150951.0
007 - CAMPO FIJO DE DESCRIPCIÓN FÍSICA--INFORMACIÓN GENERAL
campo de control de longitud fija t|
008 - DATOS DE LONGITUD FIJA--INFORMACIÓN GENERAL
campo de control de longitud fija 051111s1976 sp ||||1| spa d
020 ## - NÚMERO INTERNACIONAL ESTÁNDAR DEL LIBRO
Número Internacional Estándar del Libro 84-248-0309-4
080 ## - NÚMERO DE LA CLASIFICACIÓN DECIMAL UNIVERSAL
Número de la Clasificación Decimal Universal 946.0"1872/76"
080 ## - NÚMERO DE LA CLASIFICACIÓN DECIMAL UNIVERSAL
Número de la Clasificación Decimal Universal 946.11.1 B."1874"
100 1# - ENTRADA PRINCIPAL--NOMBRE DE PERSONA
Nombre de persona Ruiz de Azúa, Estíbaliz.
9 (RLIN) 100729
245 13 - MENCIÓN DEL TÍTULO
Título El sitio de Bilbao en 1874
Resto del título : estudio del comportamiento social de una ciudad en guerra /
Mención de responsabilidad, etc. por María Estíbaliz Ruiz de Azua y Martínez de Ezquerecocha.
260 ## - PUBLICACIÓN, DISTRIBUCIÓN, ETC.
Lugar de publicación, distribución, etc. Bilbao :
Nombre del editor, distribuidor, etc. La Gran Enciclopedia Vasca,
Fecha de publicación, distribución, etc. 1976.
300 ## - DESCRIPCIÓN FÍSICA
Extensión 322 p. :
Otras características físicas il. ;
Dimensiones 23 cm.
651 #0 - PUNTO DE ACCESO ADICIONAL DE MATERIA--NOMBRE GEOGRÁFICO
Nombre geográfico España-
Subdivisión general Historia-
Subdivisión cronológica 1872-1876, Guerra carlista
9 (RLIN) 179965
651 #4 - PUNTO DE ACCESO ADICIONAL DE MATERIA--NOMBRE GEOGRÁFICO
Nombre geográfico Bilbao-
Subdivisión general Historia-
Subdivisión cronológica 1873-1874.
9 (RLIN) 7882
852 ## - LOCALIZACIÓN
Ubicación ES-MaACL
Número de control de estantería G-13290
Sublocalización o colección R.136583
Holdings
Estatus retirado Estado de pérdida Estado de daño No para préstamo Biblioteca de origen Biblioteca actual Ubicación en estantería Fecha de adquisición Fuente de adquisición Total de préstamos Signatura topográfica completa Código de barras Visto por última vez Precio de reemplazo Tipo de ítem Koha
        Biblioteca del Ateneo de Madrid Biblioteca del Ateneo de Madrid Sala Pecera Planta 3 17/01/2008     G-13290 1103415 23/02/2023 23/02/2023 Libro impreso